Elektromechanický návrh batériového segmentu pre elektrickú formulu

Saved in:
Bibliographic Details
Main Author: Lazorík, Alexander (Author)
Other Authors: Baťa, Martin (Thesis advisor)
Format: Manuscript Book
Language:Slovak
Published: Bratislava : STU v Bratislave FEI, 2024
Subjects:
Online Access:https://opac.crzp.sk/?fn=detailBiblioFormChildI2SMP&sid=DDCD2C6FBCAD481F284ECDB200E4&seo=CRZP-detail-kniha
Tags: Add Tag
No Tags, Be the first to tag this record!

MARC

LEADER 00000ntm a22000003a 4500
001 stuzp92919
003 SK-STU
005 20250326120344.1
007 ta
008 150427s2015----xo-----f-mn---000-0-slo-d
040 |a STU  |b slo 
041 0 |a slo 
044 |a xo 
100 1 |a Lazorík, Alexander  |u 030400  |4 aut  |U FEI Fakulta elektrotechniky a informatiky  |T FEI Ústav automobilovej mechatroniky  |X 111011  |U E400  |Y 642  |7 111011 
242 0 1 |a Electromechanical design of battery segment for electric formula  |y eng 
245 1 0 |a Elektromechanický návrh batériového segmentu pre elektrickú formulu 
260 |a Bratislava :  |b STU v Bratislave FEI,  |c 2024 
300 |a 66 s. 
650 4 |a formula student  |2 slo 
650 4 |a batériový článok  |2 slo 
650 4 |a batériový systém  |2 slo 
650 4 |a elektrické vozidlo  |2 slo 
650 4 |a Formula student  |2 eng 
650 4 |a battery cell  |2 eng 
650 4 |a battery system  |2 eng 
650 4 |a electric vehicle  |2 eng 
700 1 |a Baťa, Martin  |u 030400  |k Z8  |4 ths  |U FEI Fakulta elektrotechniky a informatiky  |T FEI Ústav automobilovej mechatroniky  |X 72675  |U E400  |Y 642  |7 72675 
856 4 |u https://opac.crzp.sk/?fn=detailBiblioFormChildI2SMP&sid=DDCD2C6FBCAD481F284ECDB200E4&seo=CRZP-detail-kniha